Most Popular Forms of Jane (US 2013) Quiz Stats

 Plays Quiz not verified by Sporcle

Also try: Pattern Sleuth
Challenge
Share
Tweet
Embed
Score 0/18 Timer 10:00
0 Plays Today
Rank Name % Correct
355Jane
98.7%
227Jenna
38.1%
398Janelle
35.1%
804Jenny
33.4%
342Joanna
32.8%
531Johanna
27.5%
86Gianna
15.2%
349Gia
14.9%
684Giana
11.3%
Rank Name % Correct
962Giovanna
11.3%
695Janessa
9.9%
828Janae
9.6%
926Jolene
8.3%
591Jessie
7.9%
377Hanna
7.6%
823Ivanna
5.3%
287Nina
5%
935Giavanna
5%

You're not logged in!

Compare scores with friends on all Sporcle quizzes.
Join for Free
OR
Log In

You Might Also Like...

Show Comments

Extras

Top Quizzes Today


Score Distribution

Your Account Isn't Verified!

In order to create a playlist on Sporcle, you need to verify the email address you used during registration. Go to your Sporcle Settings to finish the process.

Report this User

Report this user for behavior that violates our Community Guidelines.

Details: